000
00269nam a22000977a 4500
008
240216b |||||||| |||| 00| 0 eng d
082
_a
N STER EJ.1
100
1
0
_a
Stevenson, Sir Steve
_e
autor
_9
43423
245
_a
El retrato sin nombre /
_c
Sir Steve Stevenson
942
_2
ddc
999
_c
30586
_d
16970